Biggest Cities once in the German Empire - Statistics

General Stats
  • This quiz has been taken 3,874 times
    2,163 since last reset
  • The average score is 13 of 24
Answer Stats
Population City % Correct
3,677,472 Berlin
99%
1,487,708 Munich
91%
1,853,935 Hamburg
89%
2,145,906 Paris
87%
1,860,281 Warsaw
87%
1,931,593 Vienna
84%
1,114,745 Amsterdam
78%
1,301,432 Prague
73%
1,073,096 Cologne
70%
1,345,562 Copenhagen
67%
1,752,286 Budapest
65%
2,952,301 Kiev
65%
1,371,498 Milan
56%
2,009,786 Minsk
53%
1,166,763 Belgrade
48%
4,364,541 Dar es Salaam
36%
1,421,125 Kharkiv
35%
1,010,537 Odessa
34%
2,765,600 Yaoundé
28%
6,165,279 Qīngdăo
21%
2,768,400 Douala
20%
2,173,800 Lomé
18%
1,133,307 Rostov-on-Don
17%
1,054,111 Voronezh
9%
No matching quizzes found
Score Distribution
Percent of People with Each Score
Percentile by Number Answered
Your Score History
You have not taken this quiz since the last reset